Statystyki dla Stolice państw

Kliknij tutaj aby rozwiązać quiz!

Ogólne statystyki

  • Ten quiz został rozwiązany 10 razy
  • Średni wynik to 13 z 15

Statystyki odpowiedzi

HintOdpowiedź% Poprawnych
GrecjaAteny
100%
DaniaKopenhaga
100%
BiałoruśMińsk
100%
RosjaMoskwa
100%
KanadaOttawa
100%
ŁotwaRyga
100%
Stany ZjednoczoneWaszyngton
100%
LitwaWilno
100%
HolandiaAmsterdam
88%
Japonia w j polskimTokio
88%
BrazyliaBrasilia
75%
ArgentynaBuenos Aires
75%
MeksykMeksyk
75%
KeniaNairobi
50%
EtiopiaAddis abeba
38%

Rozkład punktacji

Percentyl według liczby udzielonych odpowiedzi

Procent ludzi z każdym wynikiem

Twoja historia wyników

Nie rozwiązałeś tego quizu